[Event "Titled Tuesday intern op 08th Nov Late"]
[Site "Chess.com INT"]
[Date "2022.11.08"]
[Round "11"]
[White "Wirig, Anthony"]
[Black "Kim, Sergey2222"]
[Result "0-1"]
[WhiteElo "2515"]
[BlackElo "2295"]
[PlyCount "88"]
[EventDate "2022.11.08"]
[EventType "swiss (blitz)"]
[EventRounds "11"]
[EventCountry "USA"]
[SourceTitle "EXT 2024"]
[Source "ChessBase"]
[SourceDate "2023.10.10"]
[SourceVersion "1"]
[SourceVersionDate "2023.10.10"]
[SourceQuality "1"]

1. e4 e5 2. Nf3 Nc6 3. d4 exd4 4. Bc4 Nf6 5. 0-0 Nxe4 6. Re1 d5 7. Bxd5 Qxd5 8. Nc3 Qa5 9. Nxe4 Be6 10. Neg5 0-0-0 11. Nxe6 fxe6 12. Rxe6 Be7 13. Qe2 Bf6 14. Bf4 Qd5 15. a3 d3 16. cxd3 Qxd3 17. Re1 Qxe2 18. R6xe2 Rd3 19. h4 Rb3 20. Bc1 h6 21. h5 Rd8 22. Kh2 Nd4 23. Nxd4 Rxd4 24. f4 Rd5 25. g4 Rdd3 26. Re3 Rxe3 27. Bxe3 Rxb2+ 28. Kg3 Rb3 29. Kg2 Rb2+ 30. Kf3 Rb3 31. Ke4 Rxa3 32. g5 Bc3 33. Rg1 b5 34. gxh6 gxh6 35. Rg6 b4 36. f5 b3 37. Rg8+ Kb7 38. Rg1 b2 39. Kd3 Ra1 40. Kc2 Bf6 41. Rb1 a5 42. Bxh6 a4 43. Bg5 Rxb1 44. Bxf6 Rh1 0-1

[Event "Titled Tuesday intern op 25th Oct Early"]
[Site "Chess.com INT"]
[Date "2022.10.25"]
[Round "9"]
[White "Krysa, Leandro Sergio"]
[Black "Wirig, Anthony"]
[Result "1-0"]
[WhiteElo "2524"]
[BlackElo "2515"]
[PlyCount "109"]
[EventDate "2022.10.25"]
[EventType "swiss (blitz)"]
[EventRounds "11"]
[EventCountry "USA"]
[SourceTitle "EXT 2024"]
[Source "ChessBase"]
[SourceDate "2023.10.10"]
[SourceVersion "1"]
[SourceVersionDate "2023.10.10"]
[SourceQuality "1"]

1. e4 c5 2. Nf3 e6 3. d4 cxd4 4. Nxd4 Nf6 5. Nc3 Nc6 6. a3 Bc5 7. Nxc6 dxc6 8. Qxd8+ Kxd8 9. e5 Ng4 10. Ne4 Bd4 11. f4 f5 12. Ng5 Ke7 13. h3 Nf2 14. Rh2 h6 15. Nf3 Bb6 16. Ke2 Ne4 17. Be3 Ng3+ 18. Kf2 Ne4+ 19. Ke2 Ng3+ 20. Kd2 Rd8+ 21. Bd3 c5 22. Kc3 Bd7 23. Nd2 Bc6 24. Nc4 Ne4+ 25. Bxe4 Bxe4 26. g4 Rd5 27. Rg1 Kf7 28. gxf5 Bxf5 29. Rhg2 g6 30. Nd6+ Rxd6 31. exd6 Rd8 32. h4 h5 33. Rd1 Rd7 34. Kc4 Bd8 35. Rh2 b6 36. b4 cxb4 37. axb4 Be4 38. Rd4 Bb7 39. Kb5 Bf6 40. Rhd2 Bxh4 41. c4 Bd8 42. c5 a6+ 43. Kc4 Bc6 44. Ra2 a5 45. b5 Bxb5+ 46. Kxb5 bxc5 47. Kxc5 Bf6 48. Kc6 Rd8 49. Rd3 h4 50. d7 h3 51. Bb6 Ra8 52. d8Q Bxd8 53. Bxd8 Ra6+ 54. Bb6 a4 55. Rxh3 1-0

[Event "Titled Tuesday intern op 25th Oct Early"]
[Site "Chess.com INT"]
[Date "2022.10.25"]
[Round "6"]
[White "Wirig, Anthony"]
[Black "Chernobay, Artem"]
[Result "1-0"]
[WhiteElo "2515"]
[BlackElo "2484"]
[PlyCount "151"]
[EventDate "2022.10.25"]
[EventType "swiss (blitz)"]
[EventRounds "11"]
[EventCountry "USA"]
[SourceTitle "EXT 2024"]
[Source "ChessBase"]
[SourceDate "2023.10.10"]
[SourceVersion "1"]
[SourceVersionDate "2023.10.10"]
[SourceQuality "1"]

1. e4 c5 2. Nf3 Nc6 3. c3 Nf6 4. e5 Nd5 5. d4 cxd4 6. cxd4 d6 7. Bc4 Nb6 8. Bb5 dxe5 9. Nxe5 Bd7 10. Nxd7 Qxd7 11. 0-0 e6 12. Nc3 Be7 13. Qg4 0-0 14. Bxc6 bxc6 15. Be3 Kh8 16. Rac1 Nc4 17. b3 Nxe3 18. fxe3 c5 19. d5 f5 20. Qc4 exd5 21. Nxd5 Bd6 22. Rcd1 Qe6 23. g3 Rad8 24. Rd3 Bb8 25. Rfd1 Qe5 26. Qxc5 Rc8 27. Qd4 Rc2 28. Qxe5 Bxe5 29. R3d2 Rfc8 30. Ne7 Rxd2 31. Rxd2 Re8 32. Nxf5 g6 33. Nd4 Rc8 34. Rc2 Re8 35. Kg2 Bf6 36. Kf3 Bg5 37. Rc3 Kg8 38. h4 Bh6 39. b4 Rb8 40. b5 Bg7 41. a4 Rd8 42. Rc4 Re8 43. Nc6 Bh6 44. e4 Rf8+ 45. Ke2 Rf7 46. a5 Rb7 47. Rb4 Bf8 48. Rb3 Rc7 49. a6 Bc5 50. Rd3 Bb6 51. Rd5 Rf7 52. Kd3 Rf3+ 53. Kc4 Rxg3 54. Rd7 Rg4 55. Kd5 Rxh4 56. Nxa7 Rh1 57. Nc6 g5 58. Ke6 g4 59. Rd5 h6 60. a7 Ra1 61. Rd7 g3 62. Rd3 Bf2 63. Rd8+ Kg7 64. Rd7+ Kg6 65. Ne5+ Kh5 66. Rf7 g2 67. Rf5+ Kh4 68. Rxf2 g1Q 69. Nf3+ Kg3 70. Nxg1 Kxf2 71. b6 Ra6 72. Kd5 Kxg1 73. b7 Rxa7 74. b8Q Ra6 75. Qg3+ Kf1 76. Qd3+ 1-0